00277nam a2200133Ia 45000030006000000080041000060400015000471000014000622450028000762600006001043000006001105460010001160050017001260STCL150530s9999 xx 000 0 und d aSTCLcSTCL aVallathol aSahitya Manjeri Part IV c0 a0 aHindi20220125170721.0